000 00854nas a2200277 4500
001 BR0600413
003 BR-BrBNA
005 20231205105814.0
007 ta
008 230509b bl.|||p| |||| 00| 00por d
040 _aBR-BrBNA
_bpor
_cBiblioteca Nacional de Agricultura
041 _a(Pt)
072 _aL51
100 1 _aBarros, N.N.
100 1 _aVasconcelos, V.R. de
100 1 _aWander, A.E.
100 1 _aAraújo, M.R.A. de
245 1 _aEficiência bioeconômica de cordeiros F1 Dorper x Santa Inês para produção de carne
650 _aCORDEIRO
650 _aEFICIÊNCIA NUTRICIONAL
650 _aGANHO DE PESO
650 _aCONFINAMENTO
773 0 _tPesquisa Agropecuária Brasileira (Brazil)
_xISSN 0100-204X
_g(Aug 2005), v. 40(8) p. 825-831
_wBR0600413
909 _a202311
_bLúcia
_c55
_dLúcia Elande
942 _2AGRIS
_n0
_cANA
999 _c184760
_d184760